000
00337nam a2200145Ia 4500
008
230605s1996 xx 000 0 und d
041
_a
eng
100
_a
Jones
245
_a
Introduction to Hospatility operations
260
_b
Cassell
_c
1996
300
_a
262p
520
_a
Hard Board
520
_a
Reference Copy
650
_a
Hos.
999
_c
420079
_d
420079